Responses for Show #8018 - Wednesday, June 19, 2019

2019 Teen Tournament quarterfinal game 3.

Contestants

[<< previous game]

Sophia Weng, a junior from Chevy Chase, Maryland

Rohit Kataria, a junior from Wheelersburg, Ohio

Justin Bolsen, a freshman from Canton, Georgia

[next game >>]

Jeopardy! Round responses

COMPUTER CONNECTIONS
KINGS & QUEENS
HODGEPODGE
BOOK CHAPTERS
5-SYLLABLE WORDS
THE DC UNIVERSE
    $200 16
a network

Rohit
    $200 22
pharaohs

Sophia
    $200 1
recycle

Justin
    $200 6
Little Women

Justin
    $200 9
perpendicular

Justin
    $200 25
Superman

Rohit
    $400 17
Denmark

Sophia
    $400 21
Marie Antoinette

Justin
    $400 2
conquistadors

Justin
    $400 7
the Cullens

Justin
    $400 14
vocabulary

Rohit
    $400 27
the Flash

Sophia
    $600 18
blue

Sophia
    $600 20
Thailand

Sophia
    $600 3
a ukulele

Rohit
    $600 8
Stephen Hawking

Rohit
    $600 15
appreciation

Rohit
    $600 28
Arrow

Rohit
    $800 19
cookies

Justin
    $800 23
Solomon

Justin
    $800 4
escape rooms

Justin
    $800 12
Holes

Justin
    $800 10
(Sophia: What is meningitis?)

encephalitis

Sophia
Triple Stumper
    $800 29
(Rohit: Who is Joker?)

Bane

Rohit
Triple Stumper
    $1000 26
bookmarks

Sophia
    $1000 24
Charles III

Triple Stumper
    $1000 5
EpiPens

Rohit
    $3,000 13
The Lion, the Witch and the Wardrobe

Justin
    $1000 11
exaggeration

Sophia
    $1000 30
Aquaman

Sophia

Scores at the first commercial break (after clue 15):

Justin Rohit Sophia
$6,000 $3,200 $200

Scores at the end of the Jeopardy! Round:

Justin Rohit Sophia
$8,000 $3,400 $4,400

Double Jeopardy! Round responses

EXTRACURRICULAR
ANIMALS
MUSIC I'M NOT FAMILIAR WITH
BIG RIVERS
CROSSWORD CLUES "N"
THE D.C. UNIVERSE
    $400 18
(Sophia: What is scuba?)
(Justin: What is diving?)

snorkeling

JustinSophia
Triple Stumper
    $400 17
an anteater

Rohit
    $400 6
Daft Punk

Justin
    $400 1
the Yangtze

Justin
    $400 12
nag

Rohit
    $400 26
Twitter

Sophia
    $800 22
castling

Sophia
    $800 11
a bat

Rohit
    $800 7
Kanye West

Justin
    $800 2
South America

Sophia
    $800 13
numb

Sophia
    $800 27
Dick Cheney

Triple Stumper
    $1200 23
(Justin: What are drones?)
[Originally ruled incorrect; ruled correct before the Final Jeopardy! Round.]

kites (or drones)

Justin
    $1200 19
a migration

Sophia
    $1200 8
Dave Matthews Band

Justin
    $1200 3
the Rio Grande and St. Lawrence

Justin
    $1200 14
Nazareth

Justin
    $1200 28
(Sophia: Who is Boone?)

Crockett

RohitSophia
    $1600 24
paper

Rohit
    $1600 20
exoskeletons

Rohit
    $1600 9
Lizzy Borden

Triple Stumper
    $1600 4
Khartoum

Justin
    $1600 15
nepotism

Justin
    $1600 29
David Cameron

Justin
    $2000 25
(Rohit: What is tango?)

salsa

JustinRohit
    $2000 21
a (beaver) dam

Rohit
    $2000 10
Father John Misty

Triple Stumper
    $2,500 5
the Indus

Justin
    $2,000 16
neutral

Justin
    $2000 30
national intelligence

Rohit

Scores at the end of the Double Jeopardy! Round:

Justin Rohit Sophia
$25,300 $11,400 $6,800
(lock game)

Final Jeopardy! Round responses

ANCIENT LITERATURE
(Alex: [To Rohit] You misread the clue. We're going for the title of the work.)
SophiaWhat is the Iliad?
$6,800
RohitWhat is the Trojan War?
$11,400
JustinWhat is The Iliad?
$42
the Iliad

Final scores:

Justin Rohit Sophia
$25,342 $0 $13,600
Automatic semifinalist 3rd place: $5,000 if eliminated 2nd place: $5,000 if eliminated

Game dynamics:

Coryat scores:

Justin Rohit Sophia
$22,800 $11,400 $6,800
24 R
(including 3 DDs),
1 W
16 R,
2 W
13 R,
3 W

Combined Coryat: $41,000

[game clues] [game scores] [suggest correction]

Game tape date: 2018-12-10
The J! Archive is created by fans, for fans. Scraping, republication, monetization, and malicious use prohibited; this site may use cookies and collect identifying information. See terms. The Jeopardy! game show and all elements thereof, including but not limited to copyright and trademark thereto, are the property of Jeopardy Productions, Inc. and are protected under law. This website is not affiliated with, sponsored by, or operated by Jeopardy Productions, Inc. Join the discussion at JBoard.tv.